| 000 | 00829nam a2200193Ia 4500 | ||
|---|---|---|---|
| 008 | 151121s9999||||xx |||||||||||||| ||und|| | ||
| 082 | _a500/बिड़ला | ||
| 082 | _bHNW-18704 | ||
| 100 | _a"बिड़ला घनश्यामदास, सिंह पारसनाथ" | ||
| 245 | _aरुपए की कहानी | ||
| 260 | _b"सस्ता साहित्य मण्डल प्रकाशन, न। दिल्ली" | ||
| 260 | _c-- | ||
| 300 | _a295 | ||
| 600 | _a"बिड़ला घनश्यामदास, सिंह पारसनाथ" | ||
| 630 | _aरुपए की कहानी | ||
| 700 | _a"बिड़ला घनश्यामदास, सिंह पारसनाथ" | ||
| 730 | _aरुपए की कहानी | ||
| 942 | _cBOOK | ||
| 999 |
_c1220533 _d1220530 |
||